000 00834nam a2200229Ia 4500
001 15463
003 GE_BSU
008 181216s||||||||xx |||||||||||||| ||und||
040 _cGE_BSU
080 _a821.353.1-31
100 _aჩხეიძე,ოთარ
245 _aაღმართ-დაღმართი, კვერნახი,ლანდები.
245 _bრომანები
245 _cრედ.ალ.გომიაშვილი. მხატვ. კ.ხუციშვილი
260 _aთბილისი
260 _bსაბჭ. საქართველო
260 _c1970
300 _a716გვ.20სმ.
653 _aაღმართ-დაღმართი, კვერნახი,ლანდები.
653 _aრომანები
942 _cBK
999 _c48565
_d48565